Statistiques concernant Quiz des Dieux de L'Olympe

Cliquez ici pour prendre le quiz!

Statistiques générales

  • Ce quiz a été pris 187 fois
  • Le résultat moyen est 22 sur 39

Statistiques - réponses

La DescriptionCultureDieu% Correct
Roi des dieuxGrecZeus
99%
Seigneur des mersGrecPoseidon
95%
Reine des dieuxGrecHera
91%
Déesse de la sagesseGrecAthena
89%
Déesse de l'amour et de la beautéGrecAphrodite
87%
Dieu de la guerreGrecAres
87%
Messager des dieuxGrecHermes
85%
Dieu des enfersGrecHades
84%
Dieu du vinGrecDionysus
83%
Roi des dieuxRomanJupiter
81%
Déesse de la chasseGrecArtemis
79%
Artisan des dieuxGrecHephaestus
75%
Dieu de la lumièreBothApollo
74%
Dieu de la guerreRomanMars
74%
Déesse de l'amour et de la beautéRomanVenus
73%
Seigneur des mersRomanNeptune
65%
Reine des enfersGrecPersephone
64%
Dieu de l'amourGrecEros
62%
Le plus grand des héros grecsGrecHeracles
62%
Dieu de l'amourRomanCupid
58%
Déesse de la fertilitéGrecDemeter
58%
Déesse du foyerGrecHestia
58%
Dieu des enfersRomanPluto
56%
Dieu du vinRomanBacchus
53%
Reine des dieuxRomanJuno
52%
Dieu de la natureGrecPan
49%
Le plus grand des héros grecsRomanHercules
42%
Déesse de la chasseRomanDiana
34%
Dieu de la médecineGrecAsclepius
32%
Déesse de la sagesseRomanMinerva
30%
Déesse du foyerRomanVesta
27%
Déesse de la fertilitéRomanCeres
26%
Artisan des dieuxRomanVulcan
22%
Reine des enfersRomanProserpina
18%
Messager des dieuxRomanMercury
17%
Dieu de la natureRomanFaunus
15%
Échanson des dieuxGrecHebe
14%
Échanson des dieuxRomanJuventas
5%
Dieu de la médecineRomanVejovis
2%

Distribution des résultats

Percentile par nombre de réponses

% des personnes avec chaque résultat

Votre développement - résultats

Vous n’avez pas pris ce quiz